Archispeak : (Record no. 352263)
[ view plain ]
| 000 -LEADER | |
|---|---|
| fixed length control field | 00934 a2200253 4500 |
| 003 - CONTROL NUMBER IDENTIFIER | |
| control field | OSt |
| 005 - DATE AND TIME OF LATEST TRANSACTION | |
| control field | 20180116192328.0 |
| 008 - FIXED-LENGTH DATA ELEMENTS--GENERAL INFORMATION | |
| fixed length control field | 120419t xxu||||| |||| 00| 0 eng d |
| 010 ## - LIBRARY OF CONGRESS CONTROL NUMBER | |
| LC control number | 2003021736 |
| 020 ## - INTERNATIONAL STANDARD BOOK NUMBER | |
| International Standard Book Number | 0415300118 (hardcover : alk. paper) |
| 020 ## - INTERNATIONAL STANDARD BOOK NUMBER | |
| International Standard Book Number | 0415300126 (pbk. : alk. paper) |
| 035 ## - SYSTEM CONTROL NUMBER | |
| System control number | (OCoLC)ocm53144738 |
| 040 ## - CATALOGING SOURCE | |
| Transcribing agency | 0 |
| 082 00 - DEWEY DECIMAL CLASSIFICATION NUMBER | |
| Classification number | 720.3 |
| 100 1# - MAIN ENTRY--PERSONAL NAME | |
| Personal name | Porter, Tom. |
| 9 (RLIN) | 860 |
| 245 10 - TITLE STATEMENT | |
| Title | Archispeak : |
| Remainder of title | an illustrated guide to architectural terms / |
| Statement of responsibility, etc. | Tom Porter ; with contributions by Steve Bowkett ... [et al.]. |
| 260 ## - PUBLICATION, DISTRIBUTION, ETC. | |
| Place of publication, distribution, etc. | London ; |
| -- | New York : |
| Name of publisher, distributor, etc. | Taylor & Francis, |
| Date of publication, distribution, etc. | 2004. |
| 300 ## - PHYSICAL DESCRIPTION | |
| Extent | xvii, 218 p. : |
| Other physical details | ill. ; |
| Dimensions | 23 cm. |
| 650 #0 - SUBJECT ADDED ENTRY--TOPICAL TERM | |
| Topical term or geographic name entry element | Architecture |
| 9 (RLIN) | 861 |
| 650 #0 - SUBJECT ADDED ENTRY--TOPICAL TERM | |
| Topical term or geographic name entry element | Architectural design |
| 9 (RLIN) | 862 |
| 856 42 - ELECTRONIC LOCATION AND ACCESS | |
| Materials specified | Publisher description |
| Uniform Resource Identifier | <a href="http://www.loc.gov/catdir/enhancements/fy0650/2003021736-d.html">http://www.loc.gov/catdir/enhancements/fy0650/2003021736-d.html</a> |
| 942 ## - ADDED ENTRY ELEMENTS (KOHA) | |
| Institution code [OBSOLETE] | SADA |
| Koha item type | Book |
| Call number prefix | 720.3 POR 2004 |
| Source of classification or shelving scheme | |
| Withdrawn status | Lost status | Source of classification or shelving scheme | Damaged status | Not for loan | Permanent Location | Current Location | Date acquired | Total Checkouts | Total Renewals | Full call number | Barcode | Date last seen | Date last checked out | Copy number | Cost, replacement price | Price effective from | Koha item type |
|---|---|---|---|---|---|---|---|---|---|---|---|---|---|---|---|---|---|
| School of Art Design and Architecture (SADA) | School of Art Design and Architecture (SADA) | 10/01/2010 | 12 | 6 | 720.3 POR 2004 | SADA0000295 | 04/13/2016 | 03/14/2016 | 01 | 2456.00 | 08/05/2011 | Book | |||||
| School of Art Design and Architecture (SADA) | School of Art Design and Architecture (SADA) | 10/29/2013 | 3 | 1 | 720.3 POR 2004 | SADA0002148 | 03/06/2025 | 02/28/2025 | 02 | 317.00 | 10/29/2013 | Book | |||||
| School of Art Design and Architecture (SADA) | School of Art Design and Architecture (SADA) | 10/29/2013 | 2 | 720.3 POR 2004 | SADA0002149 | 11/20/2015 | 09/04/2015 | 03 | 317.00 | 10/29/2013 | Book | ||||||
| School of Art Design and Architecture (SADA) | School of Art Design and Architecture (SADA) | 10/29/2013 | 6 | 4 | 720.3 POR 2004 | SADA0002150 | 06/11/2024 | 01/12/2024 | 04 | 317.00 | 10/29/2013 | Book | |||||
| School of Art Design and Architecture (SADA) | School of Art Design and Architecture (SADA) | 10/29/2013 | 4 | 1 | 720.3 POR 2004 | SADA0002151 | 09/26/2024 | 09/11/2024 | 05 | 317.00 | 10/29/2013 | Book | |||||
| School of Art Design and Architecture (SADA) | School of Art Design and Architecture (SADA) | 10/29/2013 | 3 | 3 | 720.3 POR 2004 | SADA0002152 | 05/04/2016 | 04/01/2016 | 06 | 317.00 | 10/29/2013 | Book |
